|
|
|
|
| LEADER |
00000nam0a2200000 4500 |
| 001 |
207357 |
| 005 |
20231101225409.0 |
| 010 |
|
|
|a 9785394016042
|
| 035 |
|
|
|a (RuTPU)RU\TPU\book\226174
|
| 035 |
|
|
|a RU\TPU\book\195588
|
| 090 |
|
|
|a 207357
|
| 100 |
|
|
|a 20120314d2012 m y0rusy50 ca
|
| 101 |
0 |
|
|a rus
|
| 102 |
|
|
|a RU
|
| 105 |
|
|
|a y j 000zy
|
| 200 |
1 |
|
|a Налоговый учет и отчетность
|e учебное пособие для вузов
|f Т. В. Бодрова
|
| 205 |
|
|
|a 2-е изд., перераб. и доп.
|
| 210 |
|
|
|a Москва
|c Дашков и К
|d 2012
|
| 215 |
|
|
|a 472 с.
|
| 225 |
1 |
|
|a Учебные издания для бакалавров
|
| 330 |
|
|
|a В учебном пособии рассматриваются вопросы формирования и ведения налогового учета, оптимизации налогов, учета отложенных налогов по принципам международных стандартов финансового учета и отчетности, налога на добавленную стоимость в условиях перехода на международные стандарты финансовой отчетности, предлагаются различные варианты формирования учетной политики для целей налогообложения и способы снижения налоговой нагрузки организаций, модель управленческого учета для целей налогообложения при различных вариантах соотношения бухгалтерского и налогового учета. Даны примеры, иллюстрирующие конкретные хозяйственные ситуации. Для студентов вузов, обучающихся по экономическим специальностям, а также преподавателей, аспирантов, бухгалтеров, экономистов, руководителей организаций, работников налоговых инспекций.
|
| 606 |
1 |
|
|a Налоговый учет
|2 stltpush
|3 (RuTPU)RU\TPU\subj\67767
|9 83433
|
| 606 |
1 |
|
|a Финансовая отчетность
|2 stltpush
|3 (RuTPU)RU\TPU\subj\67530
|9 83288
|
| 610 |
1 |
|
|a налоги
|
| 610 |
1 |
|
|a налогообложение
|
| 610 |
1 |
|
|a бухгалтерский учет
|
| 610 |
1 |
|
|a Российская Федерация
|
| 610 |
1 |
|
|a классификация
|
| 610 |
1 |
|
|a учетная политика
|
| 610 |
1 |
|
|a резервы
|
| 610 |
1 |
|
|a имущество
|
| 610 |
1 |
|
|a природные ресурсы
|
| 610 |
1 |
|
|a страхование
|
| 610 |
1 |
|
|a долговые обязательства
|
| 610 |
1 |
|
|a убытки
|
| 610 |
1 |
|
|a налоговая отчетность
|
| 610 |
1 |
|
|a налоговые декларации
|
| 610 |
1 |
|
|a управленческий учет
|
| 610 |
1 |
|
|a налоговая система
|
| 610 |
1 |
|
|a налоговые риски
|
| 610 |
1 |
|
|a налоговое планирование
|
| 610 |
1 |
|
|a учебные пособия
|
| 675 |
|
|
|a 657.22(075.8)
|v 3
|
| 675 |
|
|
|a 657.6(075.8)
|v 3
|
| 700 |
|
1 |
|a Бодрова
|b Т. В.
|g Татьяна Васильевна
|
| 801 |
|
1 |
|a RU
|b 63413507
|c 20120124
|
| 801 |
|
2 |
|a RU
|b 63413507
|c 20230403
|g RCR
|
| 942 |
|
|
|c BK
|
| 959 |
|
|
|a 2/20120123
|d 2
|e 0,00
|f ЧЗГЛ:1
|f АНЛ:1
|